|
|
|
|
| LEADER |
00000nam0a2200000 4500 |
| 001 |
140552 |
| 005 |
20231101220847.0 |
| 035 |
|
|
|a (RuTPU)RU\TPU\book\152268
|
| 090 |
|
|
|a 140552
|
| 100 |
|
|
|a 20080702d1957 k y0rusy50 ca
|
| 101 |
0 |
|
|a rus
|
| 102 |
|
|
|a RU
|
| 105 |
|
|
|a a g 000zy
|
| 200 |
1 |
|
|a Минералы урана
|e справочник
|f М. В. Соболева, И. А. Пудовкина
|
| 210 |
|
|
|a Москва
|c Госгеолтехиздат
|d 1957
|
| 215 |
|
|
|a 409 с.
|c ил.
|
| 320 |
|
|
|a Библиогр.: с. 394-405.
|
| 606 |
1 |
|
|a Урановые минералы
|x Минералогия
|2 stltpush
|3 (RuTPU)RU\TPU\subj\72343
|9 85903
|
| 610 |
1 |
|
|a уран
|
| 610 |
1 |
|
|a справочники
|
| 610 |
1 |
|
|a методы исследования
|
| 610 |
1 |
|
|a описание
|
| 610 |
1 |
|
|a геология
|
| 675 |
|
|
|a 549.2/.9(035)
|v 3
|
| 700 |
|
1 |
|a Соболева
|b М. В.
|g Мария Владимировна
|
| 701 |
|
1 |
|a Пудовкина
|b И. А.
|g Ирина Алексеевна
|
| 801 |
|
1 |
|a RU
|b 63413507
|c 20080702
|g PSBO
|
| 801 |
|
2 |
|a RU
|b 63413507
|c 20220809
|g PSBO
|
| 942 |
|
|
|c BK
|